000 01146nam a22003017a 4500
005 2012112105395.0
008 121121t xxu||||| |||| 00| 0 eng d
010 _aENG-106185
020 _a9781259061073
_c325.00
020 _a1259061078
_c325.00
035 _aEN-89718
037 _bDBAD/PUB
040 _aDPL
_bEng
082 0 0 _a332.024
_223
100 1 _aLee, Michael Justin
_953697
245 1 4 _aThe Chinese way to wealth and prosperity :
_b8 timeless strategies for achieving financial success /
_cby Michael Justin Lee
260 _aNew Delhi
_bTata McGraw-Hill
_cc2012
270 _a7 West Patel Nagar
_bNew Delhi
_e110008
300 _ax,207p.
_c20cm(pbk)
500 _aIncludes index.
650 0 _aFinance, Personal.
_953698
650 0 _aWealth.
_953699
650 0 _aWealth
_zChina.
_953700
650 0 _aPhilosophy, Chinese.
_953701
942 _2ddc
_cEN
_h332.024
_mLEE
999 _c71550
_d71550